书目信息 |
| 题名: |
女人二十几岁应有的10种心态
|
|
| 作者: | 金志文 编著 | |
| 分册: | ||
| 出版信息: | 北京 中国戏剧出版社 2008 |
|
| 页数: | 294页 | |
| 开本: | 24cm | |
| 丛书名: | ||
| 单 册: | ||
| 中图分类: | B848.4 | |
| 科图分类: | ||
| 主题词: | 女性心理学--成功心理--通俗读物 , 女性心理学 , 成功心理 | |
| 电子资源: | ||
| ISBN: | 978-7-104-02766-9 | |
| 000 | 01048nam0 2200265 45 | |
| 001 | 1029917101 | |
| 005 | 20100428142754.26 | |
| 010 | @a978-7-104-02766-9@dCNY27.00 | |
| 100 | @a20100420d2008 em y0chiy50 ea | |
| 101 | 0 | @achi |
| 102 | @aCN@b110000 | |
| 105 | @ay z 000yy | |
| 106 | @ar | |
| 200 | 1 | @a女人二十几岁应有的10种心态@ANu^ Ren Er Shi Ji Sui Ying You De 10 Zhong Xin Tai@dTen necessary mentalities for a woman in her twenties@f金志文编著@FJin Zhi Wen Bian Zhu@zeng |
| 210 | @a北京@c中国戏剧出版社@d2008 | |
| 215 | @a294页@d24cm | |
| 330 | @a本书内容包括:积极乐观的心态、宽容豁达的心态、充满自信的心态、忍让谦和的心态、务实进取的心态、独立自主的心态、远离嫉妒的心态、控制情绪的心态、笑对逆境的心态、知足常乐的心态等。 | |
| 510 | 1 | @aTen necessary mentalities for a woman in her twenties@zeng |
| 606 | 0 | @a女性心理学@x成功心理@j通俗读物 |
| 606 | 0 | @a女性心理学 |
| 606 | 0 | @a成功心理 |
| 690 | @aB848.4@v4 | |
| 701 | 0 | @a金志文@AJin Zhi Wen@4编著 |
| 801 | 0 | @aCN@bTANGWEI@c20100428 |
| 905 | @b0594238-42@dB848.4@e1015@f5 | |
| 女人二十几岁应有的10种心态=Ten necessary mentalities for a woman in her twenties/金志文编著.-北京:中国戏剧出版社,2008 |
| 294页;24cm |
| ISBN 978-7-104-02766-9:CNY27.00 |
| 本书内容包括:积极乐观的心态、宽容豁达的心态、充满自信的心态、忍让谦和的心态、务实进取的心态、独立自主的心态、远离嫉妒的心态、控制情绪的心态、笑对逆境的心态、知足常乐的心态等。 |
| ● |
| 相关链接 |
|
|
|
|
正题名:女人二十几岁应有的10种心态
索取号:B848.4/1015
 
预约/预借
| 序号 | 登录号 | 条形码 | 馆藏地/架位号 | 状态 | 备注 |
| 1 | 0594238 | 205942382 | 第一样本阅览室/ [索取号:B848.4/1015] | 在馆 | |
| 2 | 0594239 | 205942391 | 第一借阅区/ [索取号:B848.4/1015] | 在馆 | |
| 3 | 0594240 | 205942408 | 第一借阅区/ [索取号:B848.4/1015] | 在馆 | |
| 4 | 0594241 | 205942417 | 第一借阅区/ [索取号:B848.4/1015] | 在馆 | |
| 5 | 0594242 | 205942426 | 第一借阅区/ [索取号:B848.4/1015] | 在馆 |